00447nam a2200133 a 4500008004100000050001100041100002300052245008600075260009000161350000900251650001500260650001600275650002200291061121s2005 xx |||||||||||||| || u aTHESIS aChamululu, Godfrey13aAn investigation of use of sawdust in constructioncthesis supervised by D. Banda abSchool of Built Environment, Department of Civil Engineering and Constructionc2005 a0.00 aWOOD WASTE aENGINEERING aCIVIL ENGINEERING